| 000 | 00952nam a22003017a 4500 | ||
|---|---|---|---|
| 003 | CHAP | ||
| 005 | 20220329135832.0 | ||
| 008 | 971013s1985 r 00010 d | ||
| 010 | _a43012 | ||
| 011 | _a43984 | ||
| 035 | _a48122 | ||
| 040 | _cCHAP | ||
| 090 | _aFolleto 10215 | ||
| 100 | 0 | 0 |
_aSabau García, Hernán. _9101097 |
| 245 | _aEvaluación de conjuntos de ecuaciones | ||
| 260 |
_aMéxico, D.F. : _bCIDE, _c1985 |
||
| 300 | _a47 p. | ||
| 490 |
_aMaterial docente _v; MD8522A : Serie matemática aplicada |
||
| 590 |
_aBATCH-UPD _b10 _c20130110 _lUCH01 _h2104 |
||
| 590 |
_aBATCH-UPD _b10 _c20130410 _lUCH01 _h1416 |
||
| 590 |
_aBATCH-UPD _b10 _c20130914 _lUCH01 _h1257 |
||
| 590 |
_aCONVERSION _b10 _c20130109 _lUCH01 _h1324 |
||
| 650 | 1 | 4 |
_aEconometría. _935201 |
| 830 | 0 |
_aMaterial docente _v; MD8522A : Serie matemática aplicada _972940 |
|
| 901 | _aBK | ||
| 942 | _cFOLL | ||
| 949 |
_aFolleto 10215 _bBC _cFOLL _d-109188 _eTS1 _i48122 _mD. _si |
||
| 999 |
_c43012 _d43012 |
||